00684nam a2200133Ia 4500008004100000020001800041245019800059260002200257650011800279650002000397856004100417999001900458952007300477171212s9999 xx 000 0 und d a9781925022407 ceditor Butler, Colin D.;Dixon, Jane;Capon, Anthony G.aHealth of People, Places and PlanetbReflections based on Tony McMichael’s four decades of contribution to epidemiological understanding bANU E Pressc2015 aEpidemiology; Epidemiology -- History; Public health; Public health surveillance; Social change -- Health aspects aHealth Sciences uhttp://jstor.org/stable/j.ctt1729vxt c351139d351139 001040aCLbCLd2017-12-12l0r2017-12-12 00:00:00w2017-12-12yCBE